[Event "Baltija cup"]
[Site "?"]
[Date "2010.06.21"]
[Round "?"]
[White "Tvarijonas, Tomas"]
[Black "Borisovs, Leonids"]
[Result "1/2-1/2"]
[WhiteElo "1920"]
[BlackElo "2082"]
[PlyCount "58"]
[EventDate "2010.??.??"]
[SourceTitle "OM OTB B 201907"]
[Source "Opening Master"]
[SourceDate "2019.07.06"]
[SourceVersion "2"]
[SourceVersionDate "2019.07.06"]
[SourceQuality "1"]

1. e4 c5 2. Nf3 Nc6 3. d4 cxd4 4. Nxd4 Nf6 5. Nc3 d6 6. Be2 e5 7. Nb3 Be6 8.
O-O Be7 9. Bg5 O-O 10. Bxf6 Bxf6 11. Nd5 Bg5 12. Kh1 Ne7 13. Bc4 Rc8 14. Qe2
Bxd5 15. Bxd5 Nxd5 16. exd5 f5 17. c3 Rf6 18. Rad1 Rh6 19. Nd2 Bxd2 20. Rxd2
Qh4 21. h3 f4 22. Rd3 Re8 23. Qe4 g5 24. Kg1 Rf8 25. g4 Rhf6 26. Qf3 h5 27.
gxh5 e4 28. Qxe4 g4 29. hxg4 f3 1/2-1/2

[Event "FICGS__CHESS__UNRATED_TOURNAMENT__00000"]
[Site "FICGS"]
[Date "2010.06.20"]
[Round "1"]
[White "Zaunercik, Ilmar"]
[Black "Guralivu, Paul-Iosif"]
[Result "1/2-1/2"]
[WhiteElo "1414"]
[BlackElo "1289"]
[PlyCount "70"]
[EventDate "2010.??.??"]

1. e4 c5 2. Nf3 d6 3. d4 cxd4 4. Nxd4 Nc6 5. Nc3 Nf6 6. Be2 e5 7. Nf3 Bg4 8.
O-O Be7 9. h3 Bxf3 10. Bxf3 Nd4 11. Bg5 Nxf3+ 12. Qxf3 Rc8 13. Rfd1 O-O 14. Qg3
Kh8 15. f4 Qb6+ 16. Kh2 Qxb2 17. Nd5 Nxd5 18. exd5 f6 19. Bh4 Rxc2 20. Rdb1 Qc3
21. Qxc3 Rxc3 22. Rxb7 Re8 23. fxe5 dxe5 24. Rd1 Bd6 25. Rd7 Bc5 26. d6 Bb6 27.
Re7 Rd8 28. d7 Kg8 29. Re8+ Kf7 30. Rxd8 Bxd8 31. Bf2 Rc7 32. Rd5 Ke7 33. Bc5+
Ke6 34. Rd6+ Kf7 35. Bb4 Rb7 1/2-1/2

[Event "FICS rated standard game"]
[Site "FICS freechess.org"]
[Date "2010.06.15"]
[Round "?"]
[White "Toits"]
[Black "Scomb"]
[Result "1-0"]
[WhiteElo "2468"]
[BlackElo "2116"]
[PlyCount "71"]
[EventDate "2010.??.??"]

1. e4 c5 2. Nf3 d6 3. d4 cxd4 4. Nxd4 Nf6 5. Nc3 Nc6 6. Be2 e5 7. Nf3 h6 8. O-O
Be7 9. Re1 O-O 10. h3 Re8 11. Bf1 Bf8 12. b3 a6 13. Bb2 b6 14. Qd2 Bb7 15. Rad1
Rc8 16. Nd5 Nxd5 17. exd5 Ne7 18. c4 g6 19. Bd3 f5 20. a4 g5 21. Bc2 Qd7 22.
Nxg5 hxg5 23. Qxg5+ Kh7 24. Re4 fxe4 25. Bxe4+ Kh8 26. Qh5+ Kg7 27. Qh7+ Kf6
28. Rd3 Bxd5 29. Bxd5 Qf5 30. Qf7+ Kg5 31. Bc1+ Kh4 32. g3+ Kxh3 33. Be6 Kg4
34. Bxf5+ Nxf5 35. Qg6+ Kh3 36. Qxf5# 1-0

[Event "Nabokov Memorial-B 8th"]
[Site "Kiev"]
[Date "2010.06.13"]
[Round "9"]
[White "Pesotsky, Vitaly"]
[Black "Solomaha, Andrey"]
[Result "1/2-1/2"]
[WhiteElo "2282"]
[BlackElo "2297"]
[PlyCount "85"]
[EventDate "2010.06.05"]
[EventType "tourn"]
[EventRounds "11"]
[EventCountry "UKR"]
[EventCategory "4"]
[SourceTitle "OM OTB B 201907"]
[Source "Opening Master"]
[SourceDate "2019.07.06"]
[SourceVersion "2"]
[SourceVersionDate "2019.07.06"]
[SourceQuality "1"]

1. e4 c5 2. Nf3 Nc6 3. d4 cxd4 4. Nxd4 Nf6 5. Nc3 d6 6. Be2 e5 7. Nb3 Be7 8.
O-O O-O 9. Be3 a5 10. a3 Be6 11. Bf3 a4 12. Nc1 Qa5 13. N1a2 Rfd8 14. Nd5 Bxd5
15. exd5 Nb8 16. c4 Nbd7 17. Nc3 Rdc8 18. Be2 Bd8 19. Nb5 Ra6 20. Rc1 Nc5 21.
Bg4 Rc7 22. Nxc7 Qxc7 23. Bf5 g6 24. Bc2 Nfd7 25. Kh1 Bf6 26. Rb1 Ra8 27. f3
Qd8 28. Qd2 Bg7 29. g4 Qe8 30. Rbe1 Qd8 31. Kg2 Qf8 32. g5 f5 33. gxf6 Bxf6 34.
Kh1 Qe7 35. Rg1 Kh8 36. Rg4 Rf8 37. Qg2 Bg7 38. Qh3 Kg8 39. Reg1 Nf6 40. Bxc5
Nxg4 41. Rxg4 dxc5 42. Bxa4 Qf6 43. Bd1 1/2-1/2

[Event "Voronezh op-B 14th"]
[Site "Voronezh"]
[Date "2010.06.13"]
[Round "2"]
[White "Fadin, Evgeny"]
[Black "Didy, Kaplan"]
[Result "1/2-1/2"]
[WhiteElo "2150"]
[BlackElo "2028"]
[PlyCount "110"]
[EventDate "2010.06.12"]
[EventType "swiss"]
[EventRounds "9"]
[EventCountry "RUS"]
[SourceTitle "OM OTB B 201907"]
[Source "Opening Master"]
[SourceDate "2019.07.06"]
[SourceVersion "2"]
[SourceVersionDate "2019.07.06"]
[SourceQuality "1"]

1. e4 c5 2. Nf3 Nc6 3. d4 cxd4 4. Nxd4 Nf6 5. Nc3 d6 6. Be2 e5 7. Nf3 Be7 8.
O-O O-O 9. h3 a6 10. a4 h6 11. Bc4 Be6 12. Bxe6 fxe6 13. Re1 Qe8 14. Be3 Nh5
15. g3 Qg6 16. Kh2 Qf7 17. Kg2 Rad8 18. Bb6 Rd7 19. Qe2 Bf6 20. Rad1 d5 21. Rf1
d4 22. Nb1 Qg6 23. Kh2 Rdf7 24. Nbd2 Be7 25. Rg1 Nf6 26. Rg2 Nd7 27. a5 Nxb6
28. axb6 Bd8 29. Ne1 Bxb6 30. Nd3 Ba5 31. Nc4 Bc7 32. Ra1 Qf6 33. Nd2 Qe7 34.
Ra4 Qg5 35. Kg1 Qe7 36. Nb3 Kh8 37. Qg4 Bd6 38. Qh5 Qf6 39. Nd2 Kh7 40. Qd1 Qe7
41. Nb3 Nb4 42. Nxb4 Bxb4 43. Nc1 Bd6 44. Nd3 Rc8 45. Ra2 Qg5 46. Ra5 Qf6 47.
Kf1 Qd8 48. Ra2 Qc7 49. b3 Qe7 50. Ra5 Qf6 51. Kg1 Bb8 52. Ra2 Bd6 53. Kh2 Qd8
54. Qe2 Qg5 55. Kg1 Qf6 1/2-1/2

[Event "TCh-CHN"]
[Site "Shenzhan CHN"]
[Date "2010.06.09"]
[Round "6"]
[White "Zheng Ruorong"]
[Black "Fan Yun"]
[Result "1/2-1/2"]
[WhiteElo "2094"]
[BlackElo "1962"]
[PlyCount "74"]
[EventDate "2010.??.??"]

1. e4 c5 2. Nf3 d6 3. d4 cxd4 4. Nxd4 Nf6 5. Nc3 Nc6 6. Be2 e5 7. Nf3 Be7 8.
O-O O-O 9. h3 a6 10. a4 Nb4 11. Bg5 Be6 12. Re1 Rc8 13. Qd2 Qc7 14. a5 Rfd8 15.
Be3 Qb8 16. Bb6 Rd7 17. Bd3 Bd8 18. Na4 Nxd3 19. cxd3 d5 20. Bxd8 Rcxd8 21. Nb6
Re7 22. exd5 Bxd5 23. Nh4 Bc6 24. Qb4 Ree8 25. Nf3 Nd5 26. Qc5 f6 27. d4 Nxb6
28. Qxb6 Bd5 29. Nh2 Re6 30. Qb4 exd4 31. Rad1 Re4 32. Nf3 Qf4 33. Rd3 Qd6 34.
Qxd6 Rxd6 35. Red1 Bc4 36. Rxd4 Rexd4 37. Rxd4 Rxd4 1/2-1/2

[Event "Fortaleza op"]
[Site "Fortaleza"]
[Date "2010.06.04"]
[Round "2"]
[White "Carneiro, Francisco Caninde S"]
[Black "Barreto Filho, Carlos Alberto"]
[Result "0-1"]
[WhiteElo "1974"]
[BlackElo "2345"]
[PlyCount "56"]
[EventDate "2010.06.03"]
[EventType "swiss"]
[EventRounds "7"]
[EventCountry "BRA"]
[SourceTitle "OM OTB B 201907"]
[Source "Opening Master"]
[SourceDate "2019.07.06"]
[SourceVersion "2"]
[SourceVersionDate "2019.07.06"]
[SourceQuality "1"]

1. e4 c5 2. Nf3 d6 3. d4 cxd4 4. Nxd4 Nf6 5. Nc3 Nc6 6. Be2 e5 7. Nb3 Be7 8.
Be3 O-O 9. O-O a5 10. f4 a4 11. Nd2 a3 12. b3 exf4 13. Rxf4 Ne5 14. h3 Be6 15.
Qe1 Rc8 16. Nf1 Nfd7 17. Rd1 Bg5 18. Rf2 Bxe3 19. Nxe3 Qg5 20. Nf5 Bxf5 21.
exf5 Nf6 22. Bf3 Rfe8 23. Be2 Qg3 24. Nb5 Ne4 25. Rf1 Qe3+ 26. Kh2 Rxc2 27. Bd3
Qxe1 28. Rfxe1 Nf3+ 0-1

[Event "Pilzno op 4th"]
[Site "Pilzno"]
[Date "2010.06.03"]
[Round "2"]
[White "Markiewicz, Czeslaw"]
[Black "Markiewicz, Jerzy"]
[Result "0-1"]
[WhiteElo "1977"]
[BlackElo "2290"]
[PlyCount "50"]
[EventDate "2010.06.03"]
[EventType "swiss"]
[EventRounds "7"]
[EventCountry "POL"]
[SourceTitle "OM OTB B 201907"]
[Source "Opening Master"]
[SourceDate "2019.07.06"]
[SourceVersion "2"]
[SourceVersionDate "2019.07.06"]
[SourceQuality "1"]

1. e4 c5 2. Nf3 d6 3. d4 cxd4 4. Nxd4 Nf6 5. Nc3 Nc6 6. Be2 e5 7. Nb3 Be7 8.
O-O O-O 9. f4 a5 10. a4 Nb4 11. Kh1 Be6 12. Bf3 Qb6 13. Nd2 exf4 14. Nb5 Rac8
15. c3 Nd3 16. Qe2 Ne5 17. b3 g5 18. h3 h5 19. Bxh5 Kg7 20. Bf3 g4 21. Bxg4
Bxg4 22. Qf2 Qxf2 23. Rxf2 Nd3 24. Rf1 Be2 25. Rg1 Nf2+ 0-1

[Event "Rhein Main op 13th"]
[Site "Bad Homburg"]
[Date "2010.06.03"]
[Round "2"]
[White "Toenniges, Thomas"]
[Black "Steingrimsson, Hedinn"]
[Result "0-1"]
[WhiteElo "2105"]
[BlackElo "2547"]
[PlyCount "58"]
[EventDate "2010.06.02"]
[EventType "swiss"]
[EventRounds "7"]
[EventCountry "GER"]
[SourceTitle "OM OTB B 201907"]
[Source "Opening Master"]
[SourceDate "2019.07.06"]
[SourceVersion "2"]
[SourceVersionDate "2019.07.06"]
[SourceQuality "1"]

1. e4 c5 2. Nf3 d6 3. d4 cxd4 4. Nxd4 Nf6 5. Nc3 Nc6 6. Be2 e5 7. Nb3 Be7 8.
Be3 a5 9. a4 O-O 10. O-O Nb4 11. Bf3 Be6 12. Qe2 h6 13. Rfd1 Qc7 14. Rac1 Bc4
15. Qd2 Qc6 16. Nd5 Nbxd5 17. exd5 Qc7 18. Qc3 Rfc8 19. h3 e4 20. Bg4 Nxg4 21.
hxg4 Qd7 22. Qd2 Qxg4 23. Re1 Bf6 24. Rb1 Qh5 25. Bf4 Bxd5 26. Re3 Bc6 27. Qxd6
Rd8 28. Qc5 Qxc5 29. Nxc5 Bd4 0-1

[Event "Novosibirsk op"]
[Site "Novosibirsk"]
[Date "2010.06.03"]
[Round "1"]
[White "Musurmankulova, Zauresh"]
[Black "Glazkov, Leonid"]
[Result "0-1"]
[WhiteElo "1575"]
[BlackElo "1960"]
[PlyCount "70"]
[EventDate "2010.06.03"]
[EventType "swiss"]
[EventRounds "9"]
[EventCountry "RUS"]
[SourceTitle "OM OTB B 201907"]
[Source "Opening Master"]
[SourceDate "2019.07.06"]
[SourceVersion "2"]
[SourceVersionDate "2019.07.06"]
[SourceQuality "1"]

1. e4 c5 2. Nf3 Nc6 3. d4 cxd4 4. Nxd4 Nf6 5. Nc3 d6 6. Be2 e5 7. Nb3 Be7 8.
O-O O-O 9. Be3 Be6 10. f4 exf4 11. Bxf4 Ne5 12. Qe1 a5 13. Rd1 Qb6+ 14. Kh1 a4
15. Nd4 Rac8 16. Ncb5 Bc4 17. Bxc4 Rxc4 18. Bxe5 dxe5 19. Qe2 Qc6 20. Rfe1 a3
21. b3 Rc3 22. Nxc3 Qxc3 23. Qd3 Rc8 24. Qxc3 Rxc3 25. Rc1 Bc5 26. Re2 b5 27.
Rd1 Bxd4 28. Rd3 b4 29. h3 h5 30. Kh2 h4 31. Kh1 Nh5 32. Rxc3 Bxc3 33. Re3 Ng3+
34. Kh2 Nf1+ 35. Kh1 Nxe3 0-1

[Event "It (open)"]
[Site "Bisaccia (Italy)"]
[Date "2010.06.01"]
[Round "6"]
[White "Bove, Raffaele"]
[Black "Cardone, Andrea"]
[Result "1/2-1/2"]
[WhiteElo "1911"]
[BlackElo "1871"]
[PlyCount "173"]
[EventDate "2010.??.??"]
[EventRounds "7"]
[SourceTitle "OM OTB B 201907"]
[Source "Opening Master"]
[SourceDate "2019.07.06"]
[SourceVersion "2"]
[SourceVersionDate "2019.07.06"]
[SourceQuality "1"]

1. e4 c5 2. Nf3 Nc6 3. d4 cxd4 4. Nxd4 d6 5. Be2 Nf6 6. Nc3 e5 7. Nb3 Be6 8.
O-O Be7 9. Bg5 a6 10. Bxf6 Bxf6 11. Nd5 Be7 12. Bg4 O-O 13. Ne3 Qc7 14. Bf5 Bg5
15. Bxe6 fxe6 16. Qg4 Qe7 17. Qe2 Nd4 18. Nxd4 exd4 19. Nc4 b5 20. Nd2 Bxd2 21.
Qxd2 e5 22. a4 Qb7 23. axb5 Qxb5 24. b3 a5 25. Ra4 Ra6 26. Rfa1 Rfa8 27. g3 h6
28. Kg2 Qb6 29. Qe2 R6a7 30. Qc4+ Kh7 31. Qd5 Ra6 32. Rc4 Rf8 33. Rf1 Qd8 34.
Qb7 Qa8 35. Qxa8 Rfxa8 36. Ra1 Rb8 37. Kf1 Rb5 38. Ke2 Kg6 39. Kd3 Kf6 40. Rca4
Rc6 41. Rxa5 Rc3+ 42. Kd2 Rbc5 43. Rxc5 dxc5 44. h4 Rf3 45. Ra6+ Kf7 46. Rc6
Rc3 47. Rd6 Ke7 48. Rb6 Rf3 49. Rb5 Kd6 50. Rb7 Rxf2+ 51. Kc1 g5 52. Rb6+ Kd7
53. Rxh6 gxh4 54. Rxh4 Rg2 55. Rg4 Ke6 56. Kd1 Kf7 57. Rg5 Kf6 58. Rg8 Ke6 59.
g4 Rg1+ 60. Kd2 Rg2+ 61. Kc1 Rg1+ 62. Kb2 Kf7 63. Rc8 Rxg4 64. Rxc5 Rxe4 65. b4
Ke6 66. b5 Rg4 67. b6 Rg8 68. Kb3 Rb8 69. Rc6+ Kd5 70. Rh6 Kc5 71. Rh7 Rxb6+
72. Ka2 Kd5 73. Rd7+ Rd6 74. Rh7 e4 75. Rh5+ Kc4 76. Kb2 e3 77. Re5 Rd5 78. Re4
Rb5+ 79. Kc1 Kc3 80. Re8 Rb4 81. Rc8+ Rc4 82. Re8 e2 83. Rxe2 Ra4 84. Kb1 Rb4+
85. Kc1 Rb2 86. Rd2 Ra2 87. Rd3+ 1/2-1/2

[Event "Zalakaros op 29th"]
[Site "Zalakaros"]
[Date "2010.05.31"]
[Round "6"]
[White "Bea, Boglarka"]
[Black "Bemak, Mikhail"]
[Result "1-0"]
[WhiteElo "2055"]
[BlackElo "2171"]
[PlyCount "149"]
[EventDate "2010.05.26"]
[EventType "swiss"]
[EventRounds "9"]
[EventCountry "HUN"]
[SourceTitle "OM OTB B 201907"]
[Source "Opening Master"]
[SourceDate "2019.07.06"]
[SourceVersion "2"]
[SourceVersionDate "2019.07.06"]
[SourceQuality "1"]

1. e4 c5 2. Nf3 Nc6 3. d4 cxd4 4. Nxd4 Nf6 5. Nc3 d6 6. Be2 e5 7. Nf3 h6 8. h3
Be7 9. O-O O-O 10. Re1 a6 11. Bf1 Be6 12. Nd5 Bxd5 13. exd5 Nb4 14. c4 a5 15.
Be3 Nd7 16. a3 Na6 17. Rb1 f5 18. b4 b6 19. Qc2 Qc8 20. Bd2 axb4 21. axb4 Nc7
22. Qb3 Ra7 23. Rec1 Kh8 24. Ne1 Qa8 25. Nc2 Qb7 26. f4 b5 27. fxe5 bxc4 28.
Bxc4 dxe5 29. Be3 Raa8 30. Rd1 Bd6 31. Bf2 Rab8 32. b5 Nc5 33. Bxc5 Bxc5+ 34.
Kh1 Ne8 35. Nb4 Nd6 36. Nc6 Rbe8 37. Bd3 e4 38. Be2 Bb6 39. Qa3 Rf6 40. Qa6 f4
41. Rf1 Qc7 42. Bg4 Nc4 43. Rfc1 Ne3 44. d6 Rxd6 45. Ne5 Nc2 46. Rb2 Rxe5 47.
Rbxc2 Qe7 48. Rc6 Rxc6 49. Rxc6 Be3 50. Qc8+ Qe8 51. b6 Bxb6 52. Qxe8+ Rxe8 53.
Rxb6 Re5 54. Re6 Rxe6 55. Bxe6 f3 56. g3 e3 57. Kg1 g6 58. Bd5 f2+ 59. Kf1 Kg7
60. Bg2 Kf6 61. Ke2 Kg5 62. Kxe3 h5 63. Kxf2 Kf5 64. Ke3 h4 65. g4+ Ke5 66. Be4
g5 67. Bf5 Kd5 68. Be4+ Ke5 69. Bg2 Kf6 70. Ke4 Ke6 71. Bf3 Kf6 72. Kd5 Kg6 73.
Ke6 Kg7 74. Bc6 Kh6 75. Kf6 1-0

[Event "GER-ch U18"]
[Site "Oberhof"]
[Date "2010.05.29"]
[Round "9"]
[White "Zhou, Syang"]
[Black "Kachibadze, Georg"]
[Result "0-1"]
[WhiteElo "2206"]
[BlackElo "2240"]
[PlyCount "60"]
[EventDate "2010.05.22"]
[EventType "swiss"]
[EventRounds "9"]
[EventCountry "GER"]
[SourceTitle "OM OTB B 201907"]
[Source "Opening Master"]
[SourceDate "2019.07.06"]
[SourceVersion "2"]
[SourceVersionDate "2019.07.06"]
[SourceQuality "1"]

1. e4 c5 2. Nf3 Nc6 3. d4 cxd4 4. Nxd4 Nf6 5. Nc3 d6 6. Be2 e5 7. Nf3 h6 8. O-O
Be7 9. h3 O-O 10. Re1 a6 11. a4 Qc7 12. Bf1 Be6 13. Nd5 Bxd5 14. exd5 Nb4 15.
c4 a5 16. Nd2 Nd7 17. f4 Bh4 18. Re4 f5 19. Re2 e4 20. g4 Qb6+ 21. Kh1 Nd3 22.
gxf5 Nf2+ 23. Rxf2 Bxf2 24. Nxe4 Nf6 25. Nxf2 Qxf2 26. Qe2 Qxe2 27. Bxe2 Rae8
28. Bf3 Re1+ 29. Kg2 Nd7 30. Kf2 Rfe8 0-1

[Event "Nis City-ch"]
[Site "Nis"]
[Date "2010.05.29"]
[Round "5"]
[White "Djuric, Ranko"]
[Black "Pavlovic, Dragoljub"]
[Result "1/2-1/2"]
[WhiteElo "2132"]
[BlackElo "2274"]
[PlyCount "48"]
[EventDate "2010.05.25"]
[EventType "swiss"]
[EventRounds "9"]
[EventCountry "YUG"]
[SourceTitle "OM OTB B 201907"]
[Source "Opening Master"]
[SourceDate "2019.07.06"]
[SourceVersion "2"]
[SourceVersionDate "2019.07.06"]
[SourceQuality "1"]

1. e4 c5 2. Nf3 Nc6 3. d4 cxd4 4. Nxd4 Nf6 5. Nc3 d6 6. Be2 e5 7. Nb3 Be7 8.
O-O O-O 9. Bg5 Be6 10. Kh1 a5 11. a4 Nb4 12. Bxf6 Bxf6 13. Nb5 Be7 14. c3 Na6
15. Nd2 Rc8 16. f4 exf4 17. Rxf4 Nc5 18. Rf1 Bg5 19. Nf3 Bb3 20. Qxd6 Nxe4 21.
Qxd8 Bxd8 22. Nfd4 Bd5 23. Bf3 Nf6 24. Bxd5 Nxd5 1/2-1/2

[Event "Nis City-ch"]
[Site "Nis"]
[Date "2010.05.28"]
[Round "4"]
[White "Zdravkovic, Dragan S"]
[Black "Pavlovic, Dragoljub"]
[Result "1/2-1/2"]
[WhiteElo "2029"]
[BlackElo "2274"]
[PlyCount "85"]
[EventDate "2010.05.25"]
[EventType "swiss"]
[EventRounds "9"]
[EventCountry "YUG"]
[SourceTitle "OM OTB B 201907"]
[Source "Opening Master"]
[SourceDate "2019.07.06"]
[SourceVersion "2"]
[SourceVersionDate "2019.07.06"]
[SourceQuality "1"]

1. e4 c5 2. Nf3 Nc6 3. d4 cxd4 4. Nxd4 Nf6 5. Nc3 d6 6. Be2 e5 7. Ndb5 a6 8.
Na3 Be7 9. f3 O-O 10. Be3 Be6 11. O-O d5 12. exd5 Nxd5 13. Nxd5 Bxd5 14. Nc4
Be6 15. c3 Qxd1 16. Rfxd1 Rad8 17. Bb6 Rxd1+ 18. Rxd1 Rc8 19. b3 Bd8 20. Bxd8
Bxc4 21. Bxc4 Rxd8 22. Rxd8+ Nxd8 23. Kf2 Kf8 24. Bd5 Ke7 25. g4 Kd6 26. Be4 h6
27. Ke3 b6 28. b4 g6 29. f4 exf4+ 30. Kxf4 Ne6+ 31. Ke3 Ke5 32. Bb7 a5 33. a3
f5 34. gxf5 gxf5 35. Kd3 axb4 36. cxb4 b5 37. Bc8 Nd4 38. Bd7 f4 39. a4 bxa4
40. Bxa4 Nf3 41. h3 Ng5 42. Bd7 Ne4 43. Ke2 1/2-1/2

[Event "Bhubaneswar op 2nd"]
[Site "Bhubaneswar"]
[Date "2010.05.26"]
[Round "7"]
[White "Iuldachev, Saidali"]
[Black "Vishnu, Prasanna"]
[Result "1-0"]
[WhiteElo "2511"]
[BlackElo "2345"]
[PlyCount "83"]
[EventDate "2010.05.22"]
[EventType "swiss"]
[EventRounds "11"]
[EventCountry "IND"]
[SourceTitle "OM OTB B 201907"]
[Source "Opening Master"]
[SourceDate "2019.07.06"]
[SourceVersion "2"]
[SourceVersionDate "2019.07.06"]
[SourceQuality "1"]

1. e4 c5 2. Nc3 d6 3. Nge2 Nc6 4. d4 cxd4 5. Nxd4 Nf6 6. Be2 e5 7. Nf3 h6 8.
O-O Be6 9. Re1 Rc8 10. h3 Nb8 11. Nd5 Nbd7 12. Bf1 Nxd5 13. exd5 Bf5 14. Nd4
Bg6 15. Bd3 Qf6 16. Re3 Bxd3 17. Qxd3 g6 18. Qb5 Rc7 19. Qa5 Qd8 20. Qa4 Be7
21. Ne6 fxe6 22. dxe6 O-O 23. exd7 Qxd7 24. Qxd7 Rxd7 25. Re2 h5 26. Be3 a6 27.
Rd1 Kf7 28. f4 Ke6 29. g3 Bf6 30. Kg2 Rc8 31. c3 Bg7 32. Bd4 Rf7 33. fxe5 Bxe5
34. Rde1 Rf5 35. g4 hxg4 36. hxg4 Rg5 37. Re4 Kd5 38. Bf2 Bf6 39. Bg3 Rc4 40.
Kf3 Rxe4 41. Rxe4 Kc5 42. Bh4 1-0

[Event "GER-ch U14 Girls"]
[Site "Oberhof"]
[Date "2010.05.26"]
[Round "6"]
[White "Schmalhorst, Sophia"]
[Black "Osmanodja, Filiz"]
[Result "1/2-1/2"]
[WhiteElo "1834"]
[BlackElo "2018"]
[PlyCount "39"]
[EventDate "2010.05.22"]
[EventType "swiss"]
[EventRounds "9"]
[EventCountry "GER"]
[SourceTitle "OM OTB B 201907"]
[Source "Opening Master"]
[SourceDate "2019.07.06"]
[SourceVersion "2"]
[SourceVersionDate "2019.07.06"]
[SourceQuality "1"]

1. e4 c5 2. Nf3 Nc6 3. Nc3 d6 4. d4 cxd4 5. Nxd4 Nf6 6. Be2 e5 7. Nb3 Be7 8.
Bg5 O-O 9. Bxf6 Bxf6 10. O-O Be6 11. Nd5 Bg5 12. Bg4 Qc8 13. Bxe6 fxe6 14. Ne3
Qc7 15. Qg4 Qe7 16. g3 Bh6 17. Rad1 Rad8 18. Kh1 Rf7 19. Qe2 Qf8 20. c3 1/2-1/2

[Event "GER-ch U14"]
[Site "Oberhof"]
[Date "2010.05.26"]
[Round "4"]
[White "Tran, Khoa Anh Le"]
[Black "Kempe, Markus"]
[Result "1/2-1/2"]
[WhiteElo "1588"]
[BlackElo "1397"]
[PlyCount "61"]
[EventDate "2010.05.22"]
[EventType "swiss"]
[EventRounds "9"]
[EventCountry "GER"]
[SourceTitle "OM OTB B 201907"]
[Source "Opening Master"]
[SourceDate "2019.07.06"]
[SourceVersion "2"]
[SourceVersionDate "2019.07.06"]
[SourceQuality "1"]

1. e4 c5 2. Nf3 Nc6 3. d4 cxd4 4. Nxd4 Nf6 5. Nc3 d6 6. Be2 e5 7. Nb3 Be7 8.
O-O O-O 9. f3 a5 10. Be3 b6 11. Bb5 Bb7 12. Na4 Nd7 13. c4 Nc5 14. Nbxc5 dxc5
15. Qxd8 Bxd8 16. Bxc6 Bxc6 17. Nc3 Bc7 18. a4 Rad8 19. Rad1 Rxd1 20. Rxd1 Rd8
21. Rxd8+ Bxd8 22. b3 f6 23. g4 g5 24. Nd5 Kf7 25. Kf2 h6 26. Ke2 Ke6 27. Bf2
Kd7 28. Ne3 Be7 29. h4 Ke6 30. h5 Kd7 31. Kd3 1/2-1/2

[Event "Nis City-ch"]
[Site "Nis"]
[Date "2010.05.26"]
[Round "2"]
[White "Stojanovic, Milorad"]
[Black "Milovanovic, Srboljub"]
[Result "0-1"]
[WhiteElo "2047"]
[BlackElo "2223"]
[PlyCount "84"]
[EventDate "2010.05.25"]
[EventType "swiss"]
[EventRounds "9"]
[EventCountry "YUG"]
[SourceTitle "OM OTB B 201907"]
[Source "Opening Master"]
[SourceDate "2019.07.06"]
[SourceVersion "2"]
[SourceVersionDate "2019.07.06"]
[SourceQuality "1"]

1. e4 c5 2. Nf3 Nc6 3. d4 cxd4 4. Nxd4 Nf6 5. Nc3 d6 6. Be2 e5 7. Nb3 Be7 8.
O-O O-O 9. Be3 Be6 10. f3 a5 11. a4 Nb4 12. Nb5 Bxb3 13. cxb3 d5 14. exd5 Nfxd5
15. Bf2 Bg5 16. Bc4 Ne3 17. Bxe3 Bxe3+ 18. Kh1 Qh4 19. g3 Qg5 20. Qe2 Rad8 21.
Rad1 Bd4 22. Rd2 Qe3 23. Rfd1 Nc6 24. Qxe3 Bxe3 25. Rxd8 Rxd8 26. Rxd8+ Nxd8
27. Bd5 Bc5 28. Nc3 Kf8 29. Kg2 Ke7 30. Kf1 f5 31. Ke2 Kd6 32. Bg8 h6 33. Nb5+
Ke7 34. Bc4 Bg1 35. h3 Bc5 36. g4 Kf6 37. h4 e4 38. g5+ hxg5 39. hxg5+ Ke5 40.
Bg8 e3 41. Nc7 f4 42. Nd5 Nc6 0-1

[Event "Zalakaros op 29th"]
[Site "Zalakaros"]
[Date "2010.05.26"]
[Round "1"]
[White "Genda, Karoly"]
[Black "Pataki, Gyozo"]
[Result "0-1"]
[WhiteElo "2016"]
[BlackElo "2310"]
[PlyCount "126"]
[EventDate "2010.05.26"]
[EventType "swiss"]
[EventRounds "9"]
[EventCountry "HUN"]
[SourceTitle "OM OTB B 201907"]
[Source "Opening Master"]
[SourceDate "2019.07.06"]
[SourceVersion "2"]
[SourceVersionDate "2019.07.06"]
[SourceQuality "1"]

1. e4 c5 2. Nf3 Nc6 3. d4 cxd4 4. Nxd4 Nf6 5. Nc3 d6 6. Be2 e5 7. Nb3 Be7 8.
Bg5 Nxe4 9. Nxe4 Bxg5 10. Nxd6+ Ke7 11. Ne4 Bh6 12. Bc4 Qxd1+ 13. Rxd1 Bf5 14.
Nec5 b6 15. Bd3 Bxd3 16. Nxd3 e4 17. Ndc1 Ne5 18. Rd4 f5 19. Ke2 Rac8 20. c3
Nc4 21. f3 exf3+ 22. Kxf3 Nxb2 23. Re1+ Kf6 24. Rd6+ Kg5 25. Ne2 Rhd8 26. Rxd8
Rxd8 27. Nbd4 Re8 28. Rb1 Nd3 29. Rb5 g6 30. Rd5 Ne5+ 31. Kg3 Kf6 32. Nf4 Bxf4+
33. Kxf4 g5+ 34. Ke3 f4+ 35. Kd2 Nc4+ 36. Kd3 Ne3 37. Rd6+ Kf7 38. g3 fxg3 39.
hxg3 Nf1 40. Nf5 Re5 41. g4 h5 42. Kd4 Ra5 43. Nh6+ Ke7 44. Rg6 hxg4 45. Nxg4
Ng3 46. Ne3 Ne2+ 47. Kc4 Kf7 48. Rh6 Rxa2 49. Kd3 Nf4+ 50. Ke4 Ra5 51. Ng4 Kg7
52. Rd6 Ne2 53. Kd3 Ng3 54. Ne3 Nf5 55. Rd7+ Kg6 56. Nc4 Ra4 57. Ne5+ Kf6 58.
Nc6 a6 59. Nb4 g4 60. Nd5+ Ke6 61. Nxb6 g3 62. Ke2 Ra2+ 63. Kf3 Rf2+ 0-1

[Event "Hamburg-chA"]
[Site "Hamburg"]
[Date "2010.05.25"]
[Round "4.3"]
[White "Ristic, Sreten"]
[Black "Glodowski, Marek"]
[Result "0-1"]
[WhiteElo "1807"]
[BlackElo "1793"]
[PlyCount "160"]
[EventDate "2010.05.22"]
[EventType "swiss"]
[EventRounds "9"]
[EventCountry "GER"]
[SourceTitle "OM OTB B 201907"]
[Source "Opening Master"]
[SourceDate "2019.07.06"]
[SourceVersion "2"]
[SourceVersionDate "2019.07.06"]
[SourceQuality "1"]

1. e4 c5 2. Nf3 Nc6 3. Be2 d6 4. d4 cxd4 5. Nxd4 Nf6 6. Nc3 e5 7. Nb3 h6 8. Be3
Be7 9. Qd2 a6 10. f3 Be6 11. g4 Qc7 12. Nd5 Bxd5 13. exd5 Nd8 14. c4 b6 15. Nc1
Nb7 16. b4 a5 17. Rb1 axb4 18. Qxb4 Nd7 19. h4 Nbc5 20. Kf2 Rf8 21. g5 h5 22.
Kg3 f5 23. f4 exf4+ 24. Bxf4 g6 25. Re1 Kf7 26. Rb2 Ra4 27. Qb5 Rfa8 28. Bd1
Ra3+ 29. Kg2 Ne4 30. Bb3 Nb8 31. Re3 R8a5 32. Qb4 Na6 33. Qe1 b5 34. Rc2 Qb7
35. cxb5 Rxb5 36. Rxe4 fxe4 37. Qxe4 Nc5 38. Qf3 Kg8 39. Rc3 Nxb3 40. axb3 Qxd5
41. Rc8+ Kf7 42. Rc3 Qxf3+ 43. Rxf3 Rf5 44. Ne2 Ra2 45. Kf1 Rd2 46. Ke1 Rdd5
47. Ng3 Ke6 48. Re3+ Kd7 49. Nxf5 Rxf5 50. Bg3 d5 51. Ke2 Bc5 52. Rd3 Ke6 53.
Rc3 d4 54. Rc4 Kd5 55. Ra4 Ke4 56. Be1 Rf3 57. b4 d3+ 58. Kd1 Be3 59. Ra6 Rf1
60. Re6+ Kd4 61. Rd6+ Kc4 62. Rc6+ Kd5 63. Rc8 Bf2 64. Rd8+ Kc4 65. Rc8+ Kb5
66. Re8 Bxh4 67. Kd2 Bxe1+ 68. Kxd3 h4 69. Re5+ Ka4 70. Ke2 Bg3 71. Ra5+ Kxb4
72. Ra6 Rf2+ 73. Ke3 h3 74. Rxg6 h2 75. Rh6 Rf1 76. Rh3 h1=Q 77. Rxg3 Rg1 78.
Rxg1 Qxg1+ 79. Kf4 Qf2+ 80. Ke5 Qf7 0-1